000 01496nam a22003374a 4500
001 ebr10224811
003 CaPaEBR
006 m u
007 cr cn|||||||||
008 051228s2006 enk sb 001 0 eng
010 _z 2005037804
020 _z0826487815 (hardback)
040 _aCaPaEBR
_cCaPaEBR
035 _a(OCoLC)614500276
050 1 4 _aB2430.S34
_bH48 2006eb
082 0 4 _a194
_222
100 1 _aHeter, T. Storm.
245 1 0 _aSartre's ethics of engagement
_h[electronic resource] :
_bauthenticity and civic virtue /
_cT. Storm Heter.
260 _aLondon ;
_aNew York :
_bContinuum International Pub. Group,
_cc2006.
300 _a162 p.
490 1 _aContinuum studies in Continental philosophy
504 _aIncludes bibliographical references and index.
505 0 _aIntroduction -- Freedom -- Self -- Recognition -- Bad faith -- Authenticity -- Engagement -- Recognition in groups -- Civic virtue -- Morality -- Conclusions.
533 _aElectronic reproduction.
_bPalo Alto, Calif. :
_cebrary,
_d2013.
_nAvailable via World Wide Web.
_nAccess may be limited to ebrary affiliated libraries.
600 1 0 _aSartre, Jean-Paul,
_d1905-1980
_xEthics.
650 0 _aEthics, Modern
_y20th century.
655 7 _aElectronic books.
_2local
710 2 _aebrary, Inc.
830 0 _aContinuum studies in Continental philosophy.
856 4 0 _uhttp://site.ebrary.com/lib/rucke/Doc?id=10224811
_zAn electronic book accessible through the World Wide Web; click to view
999 _c26541
_d26541